00704 2200265 4500001002100000005001500021035002000036245008800056100001400144250000600158300003500164700001700199260003300216082001000249084001600259020002200275650002200297990001700319990001700336990001700353990001700370990001700387990001700404990001700421INLIS00000000000029820180926122705 a0010-09180001521 aKi Hajar Dewantara :bBapak Pendidikan Indonesia /cElibrahim; Editor, Epik Finilih0 aElibrahim a- aiv, 60 hlm. :bilus. ;c25 cm.0 aEpik Finilih aDepok :bCV Arya Duta,c2011 a923.5 a923.5 ELI k a978-979-094-116-8 aBiografi Pahlawan a01260/H/2018 a01261/H/2018 a01262/H/2018 a01263/H/2018 a01264/H/2018 a01265/H/2018 a01266/H/2018